000 00414nam a2200145Ia 4500
008 230917s9999||||xx |||||||||||||| ||und||
040 _e78875
_aMAIN
041 _aEnglish
082 _a340 S78J
100 _aSchubert, Glendon
245 4 _aThe judicial mind revisited: psychometric analysis of supreme court ideology
260 _aNew York
_bOxford University Press
_c1974
300 _axv, 183 p.
942 _cBK
999 _c58766
_d58766